F1 Season 1990 Race Winners - Statistics

General Stats
  • This quiz has been taken 10 times
  • The average score is 14 of 16
Answer Stats
Grand Prix Country Winner % Correct
United States Brazil Ayrton Senna
100%
Monaco Brazil Ayrton Senna
100%
Canada Brazil Ayrton Senna
100%
Germany Brazil Ayrton Senna
100%
Belgium Brazil Ayrton Senna
100%
Italy Brazil Ayrton Senna
100%
Brazil France Alain Prost
89%
Mexico France Alain Prost
89%
France France Alain Prost
89%
United Kingdom France Alain Prost
89%
Spain France Alain Prost
89%
Portugal United Kingdom Nigel Mansell
89%
Japan Brazil Nelson Piquet
67%
Australia Brazil Nelson Piquet
67%
Hungary Belgium Thierry Boutsen
67%
San Marino Italy Riccardo Patrese
56%
No matching quizzes found
Score Distribution
Percent of People with Each Score
Percentile by Number Answered
Your Score History
You have not taken this quiz